| 000 | 00994nam a2200241 a 4500 | ||
|---|---|---|---|
| 003 | BD-DhJNU | ||
| 005 | 20260104052718.0 | ||
| 008 | 251108s2015 bg |||g |||| 000 1|ben|d | ||
| 020 | _a9847034304664 | ||
| 040 |
_aBD-DhJNU _bben _cBD-DhJNU _dBD-DhJNU |
||
| 041 | _aben | ||
| 082 |
_a891.44309 SAA _223 |
||
| 100 | _aসাহা, করুণা রানী | ||
| 242 | 1 | 0 |
_aLife and Times in the Literature of Akhtaruzzaman Elias / _cKaruna Rani Saha |
| 245 | 1 | 0 |
_aআখতারুজ্জামান ইলিয়াসের সাহিত্যে জীবন ও সমকাল / _cকরুণা রানী সাহা |
| 246 | _aAkhtaruzzaman Iliyaser sahittye jibon o somokal | ||
| 250 | _a1st ed. | ||
| 260 |
_aঢাকা : _bবিভাস, _c2015. |
||
| 300 |
_a১৫৮ পৃ. : _bচিত্র ; _c২২ সেমি.। |
||
| 650 | _aবাংলা সাহিত্যসমালোচনা | ||
| 650 | _aBengali literary criticism | ||
| 942 | _cBK | ||
| 999 |
_c2485 _d2485 |
||